All foreign players De Graafschap - Statistics

General Stats
  • This quiz has been taken 8 times
  • The average score is 26 of 97
Answer Stats
Hint Answer % Correct
Jeffry Fortes
83%
Andrew Driver
67%
Filip Bednarek
67%
Ali Ibrahim
50%
Başar Önal
50%
Ben Sahar
50%
Blnd Hassan
50%
Callum Slattery
50%
Giannis Mystakidis
50%
Lasse Schöne
50%
Arnar Viðarsson
33%
Camiel Neghli
33%
Charlison Benschop
33%
David Flakus Bosilj
33%
Dimitri Hairemans
33%
Dulee Johnson
33%
Geoffry Hairemans
33%
Gil Vermouth
33%
Hazem Emam
33%
Joel Valencia
33%
Jordan García-Calvete
33%
Jussi Kujala
33%
Karim Tarfi
33%
Krisztófer Vida
33%
Luis Pedro
33%
Magno
33%
Mamadou Zongo
33%
Mimoun Mahi
33%
Myenty Abena
33%
Nathan Kabasele
33%
Nenad Srećković
33%
Nicolas Cinalli
33%
Piotr Parzyszek
33%
Ricardo Sousa
33%
Ruslan Valeev
33%
Simon Colyn
33%
Soufian El Hassnaoui
33%
Steve De Ridder
33%
Sven Vandenbroeck
33%
Will Johnson
33%
Xhelil Abdulla
33%
Yannick Salem
33%
Yves De Winter
33%
Ziguy Badibanga
33%
Abdul Issah
17%
Aleksander Kłak
17%
Anthony Van Den Hurk
17%
Bakary Diakité
17%
Benny Gall
17%
Brutil Hosé
17%
Caio
17%
Danzell Gravenberch
17%
Darije Kalezić
17%
Denis Godeas
17%
Diego Biseswar
17%
Edwin Gyasi
17%
Ernandes
17%
Franz-Dieter Möllers
17%
Garry De Graef
17%
Ģirts Karlsons
17%
Gregor Breinburg
17%
Hamza Bouihrouchane
17%
Hans Aabech
17%
Héctor Almandoz
17%
Hugo Bargas
17%
Jason Čulina
17%
Jason Polak
17%
Jhon Van Beukering
17%
Kevin Nicolay
17%
Komi Tchangaï
17%
Kostas Dedeletakis
17%
Leonardo
17%
Liban Abdulahi
17%
Loïc Loval
17%
Marc De Clerck
17%
Mathieu Antolini
17%
Michal Nehoda
17%
Mustafa Yücedağ
17%
Nabil Bahoui
17%
Niklas Tarvajärvi
17%
Oussama Assaidi
17%
Patrik Fredholm
17%
Paul Kerlin
17%
Raymond Victoria
17%
Rob Brace
17%
Sanda Sanda
17%
Stephan Keller
17%
Stijn Wuytens
17%
Tarik Tissoudali
17%
Tolgahan Çiçek
17%
Tomasz Rząsa
17%
Tony McNulty
17%
Tyrone Loran
17%
Ville Väisänen
17%
Wasiu Taiwo
17%
Yasin Karaca
17%
Zico Tumba
17%
No matching quizzes found
Score Distribution
Percent of People with Each Score
Percentile by Number Answered
Your Score History
You have not taken this quiz